| 000 | 00665cam a2200229 a 4500 | ||
|---|---|---|---|
| 020 | _a9780393912753 (pbk.) | ||
| 040 | _cDLC | ||
| 082 | 0 | 0 | _a808 W.W.N 2012 A116 Or. |
| 100 | 1 | _aGraff, Gerald. | |
| 245 | 1 | 0 |
_a"They say/I say" : _bthe moves that matter in academic writing : with readings / |
| 250 | _a2nd ed. | ||
| 260 |
_aNew York : _bW.W. Norton & Co., _cc2012. |
||
| 300 |
_axxix, 701 p. : _bill. ; _c19 cm. |
||
| 650 | 0 | _aEnglish language | |
| 650 | 0 | _aPersuasion (Rhetoric) | |
| 650 | 0 | _aReport writing | |
| 650 | 0 | _aAcademic writing | |
| 650 | 0 | _aCollege readers. | |
| 700 | 1 | _aBirkenstein, Cathy. | |
| 700 | 1 | _aDurst, Russel K., | |
| 942 | _cAEDBB | ||
| 999 |
_c17520 _d17520 |
||